| 000 | 00628nam a22001937a 4500 | ||
|---|---|---|---|
| 999 |
_c189183 _d189183 |
||
| 005 | 20220621171917.0 | ||
| 010 | _aENG-133300 | ||
| 020 |
_a9789381626498 _c350.00 |
||
| 035 | _aEN-116832 | ||
| 037 | _bDBAD/PUB | ||
| 082 | _a350 | ||
| 245 |
_aMaking News, Breaking News, Her Own Way/ _cEdited by Latika Padgaonkar and Shubha Singh |
||
| 260 |
_aChennai _bTranquebar Press _c2012 |
||
| 270 |
_aVenkat Towers, 165, P.H. Road, Opp. Maduravoyal Municipal Office _bChennai _e600095 |
||
| 300 |
_aix, 321p. _c20cm(pbk) |
||
| 700 | _aPadgaonkar, Latika | ||
| 700 | _aSingh, Shubha | ||
| 942 |
_2ddc _cEN _h350 _mMAK |
||